🔱 Math : Piùge ou pas ? - Statistiques

Statistiques générales
  • Ce quiz a Ă©tĂ© pris 250 fois
  • Le rĂ©sultat moyen est 9 sur 15
Statistiques - réponses
Hint Explanation Réponse % Correct
a+b = a+b En gĂ©nĂ©ral, ce n’est pas vrai ❌ Faux
83%
L'Ă©quation đ‘„^2=4 a pour solutions ±2 -2 et 2 font bien 4 au carrĂ© ✅ Vrai
75%
Si on double la taille d’un cube, son volume est multipliĂ© par 2 par 8 ! Volume=cĂŽtĂ©3 ❌ Faux
70%
La somme de tous les entiers naturels est finie Elle est infinie, mĂȘme si certaines extensions comme Ramanujan donnent des choses Ă©tranges ❌ Faux
68%
Il y a plus de nombres rationnels que de nombres irrationnels Les rationnels sont dĂ©nombrables, les irrationnels sont bien plus nombreux ❌ Faux
64%
La probabilitĂ© que deux personnes dans une piĂšce de 23 aient le mĂȘme anniversaire est >50% Paradoxe classique des anniversaires ✅ Vrai
63%
log(1)=1 log(1)=0 (quelque soit la base) ❌ Faux
61%
Le nombre e est rationnel Il est irrationnel ❌ Faux
59%
-1=i C’est la dĂ©finition du nombre imaginaire ✅ Vrai
59%
10=∞ (infini) Ce n’est pas dĂ©fini en mathĂ©matiques ❌ Faux
56%
La moyenne de 1, 2, 3, 4, 1000 est 202 10105=202 ✅ Vrai
52%
Il existe un ou plusieurs nombres pairs premiers 2 est le seul ✅ Vrai
51%
Une forme gĂ©omĂ©trique 2D peut avoir une aire finie et un pĂ©rimĂštre infini Cas des figures fractales comme la courbe de Peano ✅ Vrai
49%
0,999
 = 1 C'est mathĂ©matiquement Ă©quivalent Ă  1 ✅ Vrai
49%
sin (90°) =0 sin (90°) =1 ❌ Faux
46%
Aucun quiz correspondant
Distribution des résultats
% des personnes avec chaque résultat
Percentile par nombre de réponses
Votre historique - résultats
Vous n’avez pas pris ce quiz